000 00804nam a2200253Ia 4500
003 OSt
005 20220927104756.0
006 a|||||r|||| 00| 0
007 ta
008 220926b |||||||| |||| 00| 0 eng d
024 _a138517
037 _cReference Collections
040 _aRTL
_cRTL
_beng
041 _2eng
_aeng
082 _a"U672(J).287f, L8/RR"
110 _a"India, Government Of.... Meteorological (Deptt of-)"
_9367300
245 0 _aAgroclimatic atlas of India
260 _aDelhi
_bManager Of Publication India
_c1978
300 _a113p.
_ccm.
650 _aAgricultural Geography
_9367301
700 _a"India, Government Of.... Meteorological (Deptt of-)"
_9367302
942 _h"U672(J).287f, L8/RR"
_cCC
999 _c688658
_d688658